000 00572nam a2200181Ia 4500
008 090630s9999 xx 000 0 und d
082 _b14069
100 _aकाशीकर एस. एम.
245 _aनाईट मर्डर.
_cकाशीकर एस. एम.
260 _bमेहुल.
300 _a236
600 _aकाशीकर एस. एम.
630 _aनाईट मर्डर.
655 _aकादंबरी.
700 _aकाशीकर एस. एम.
730 _aनाईट मर्डर.
942 _cBOOK
999 _c265925
_d265925